000 00355nam a22001577a 4500
003 MPLRDC
005 20220104124848.0
008 210129b ||||| |||| 00| 0 eng d
082 _a868.71 SZH c.2
100 _a宋子衡
245 _a冷场
_c
260 _a
_b蕉风月刊
_c
300 _b
650 _a马华文学
942 _cBK
_o868.71 SZH c.2
999 _c22746
_d22736